| 000 | 00358cam a2200145ua 4500 | ||
|---|---|---|---|
| 041 |
_aeng _h |
||
| 082 |
_a621.402 _bGUP/TH |
||
| 100 | _aGupta, S C . | ||
| 245 |
_aThermal engineering / _cS.C Gupta. _hTextual Documents |
||
| 260 |
_aDelhi : _bPearson Education Asia , _c2005. |
||
| 300 |
_a511 ; _e`. |
||
| 504 | _a | ||
| 942 | _cBK | ||
| 999 |
_c13093 _d13093 |
||